Remaining in the shadows : (Record no. 2099)

MARC details
000 -LEADER
fixed length control field 01192cam a2200349 i 4500
001 - CONTROL NUMBER
control field 22319072
003 - CONTROL NUMBER IDENTIFIER
control field OSt
005 - DATE AND TIME OF LATEST TRANSACTION
control field 20230621111659.0
008 - FIXED-LENGTH DATA ELEMENTS--GENERAL INFORMATION
fixed length control field 211122s2021 ke b 000 0 eng
010 ## - LIBRARY OF CONGRESS CONTROL NUMBER
LC control number 2021315794
020 ## - INTERNATIONAL STANDARD BOOK NUMBER
International Standard Book Number 9789966021229
040 ## - CATALOGING SOURCE
Original cataloging agency DLC
Language of cataloging eng
Description conventions rda
Transcribing agency DLC
042 ## - AUTHENTICATION CODE
Authentication code lcode
-- pcc
043 ## - GEOGRAPHIC AREA CODE
Geographic area code fe-----
050 00 - LIBRARY OF CONGRESS CALL NUMBER
Classification number JQ2945.A91
Item number L57 2021
082 ## - DEWEY DECIMAL CLASSIFICATION NUMBER
Classification number 328.672
Item number TUN
100 1# - MAIN ENTRY--PERSONAL NAME
Personal name Lissu, Tundu Antiphas,
Relator term author.
245 10 - TITLE STATEMENT
Title Remaining in the shadows :
Remainder of title parliament and accountability in East Africa /
Statement of responsibility, etc. by Hon. Tundu Lissu.
264 #1 - PRODUCTION, PUBLICATION, DISTRIBUTION, MANUFACTURE, AND COPYRIGHT NOTICE
Place of production, publication, distribution, manufacture [Nairobi] :
Name of producer, publisher, distributor, manufacturer Konrad Adenaeur Stiftung,
Date of production, publication, distribution, manufacture, or copyright notice 2021.
300 ## - PHYSICAL DESCRIPTION
Extent xxi, 277 pages ;
Dimensions 21 cm
336 ## - CONTENT TYPE
Content type term text
Content type code txt
Source rdacontent
337 ## - MEDIA TYPE
Media type term unmediated
Media type code n
Source rdamedia
338 ## - CARRIER TYPE
Carrier type term volume
Carrier type code nc
Source rdacarrier
504 ## - BIBLIOGRAPHY, ETC. NOTE
Bibliography, etc Includes bibliographical references (pages 273-277).
650 #0 - SUBJECT ADDED ENTRY--TOPICAL TERM
Topical term or geographic name as entry element Democratization
Geographic subdivision Africa, East.
650 #0 - SUBJECT ADDED ENTRY--TOPICAL TERM
Topical term or geographic name as entry element Legislative bodies
Geographic subdivision Africa, East.
650 #0 - SUBJECT ADDED ENTRY--TOPICAL TERM
Topical term or geographic name as entry element Public administration
Geographic subdivision Africa, East.
651 #0 - SUBJECT ADDED ENTRY--GEOGRAPHIC NAME
Geographic name Africa, East
General subdivision Politics and government.
906 ## - LOCAL DATA ELEMENT F, LDF (RLIN)
a 7
b cbc
c origode
d 3
e ncip
f 20
g y-gencatlg
942 ## - ADDED ENTRY ELEMENTS (KOHA)
Source of classification or shelving scheme Dewey Decimal Classification
Koha item type Books
Holdings
Withdrawn status Lost status Source of classification or shelving scheme Damaged status Not for loan Home library Current library Date acquired Total Checkouts Full call number Barcode Date last seen Price effective from Koha item type
    Dewey Decimal Classification     Bunge Tower Library Bunge Tower Library 06/21/2023   328.672 TUN 20230030 06/21/2023 06/21/2023 Books
    Dewey Decimal Classification     Bunge Tower Library Bunge Tower Library 06/21/2023   328.672 TUN 20230031 06/21/2023 06/21/2023 Books
    Dewey Decimal Classification     Bunge Tower Library Bunge Tower Library 06/21/2023   328.672 TUN 20230032 06/21/2023 06/21/2023 Books
    Dewey Decimal Classification     Bunge Tower Library Bunge Tower Library 06/21/2023   328.672 TUN 20230033 06/21/2023 06/21/2023 Books
    Dewey Decimal Classification     Bunge Tower Library Bunge Tower Library 06/21/2023   328.672 TUN 20230034 06/21/2023 06/21/2023 Books
    Dewey Decimal Classification     Bunge Tower Library Bunge Tower Library 06/21/2023   328.672 TUN 20230035 06/21/2023 06/21/2023 Books
    Dewey Decimal Classification     Bunge Tower Library Bunge Tower Library 06/21/2023   328.672 TUN 20230036 06/21/2023 06/21/2023 Books
    Dewey Decimal Classification     Bunge Tower Library Bunge Tower Library 06/21/2023   328.672 TUN 20230037 06/21/2023 06/21/2023 Books
    Dewey Decimal Classification     Bunge Tower Library Bunge Tower Library 06/21/2023   328.672 TUN 20230038 06/21/2023 06/21/2023 Books
    Dewey Decimal Classification     Bunge Tower Library Bunge Tower Library 06/21/2023   328.672 TUN 20230039 06/21/2023 06/21/2023 Books
LIBRARY OPENING HOURS

When the Parliament is sitting: 8.00a.m - 7.00p.m or until the house adjourns
Mondays and Fridays and when the House is on Recess:  8.00a.m - 5.00p.m
Closed on Weekends and Public Holidays

Online Public Access Catalog (OPAC)
Website: http://www.parliament.go.ke
Bunge Library: https://libraryir.parliament.go.ke
Contact: library@parliament.go.ke | Tel no: (254-2)2221291 or 2848000 Ext 5043